Captain America. Brave new world / directed by ... Read More
Available copies
- 4 of 5 copies available at LARL/NWRL Consortium. (Show)
- 2 of 3 copies available at Lake Agassiz Regional Library.
Current holds
0 current holds with 5 total copies.
Show Only Available Copies
| Location | Call Number / Copy Notes | Barcode | Shelving Location | Status | Due Date |
|---|---|---|---|---|---|
| Detroit Lakes Public Library | DVD CAP (Text) | 33500014206197 | Main | Available | - |
| Fosston Public Library | DVD CAP (Text) | 33500014206205 | Main | Available | - |
| Moorhead Public Library | DVD CAP (Text) | 33500014206189 | Main | Checked out | 04/23/2026 |
Record details
- Physical Description: 1 videodisc (118 min.) : sound, color ; 4 3/4 in.
- Publisher: [Burbank, CA] : Marvel Studios, [2025]
Content descriptions
| General Note: | Based on the Marvel comics. Originally released as a motion picture in 2025. Wide screen (2.40:1). |
| Creation/Production Credits Note: | Director of photography, Kramer Morgenthau ; ... Read More |
| Participant or Performer Note: | Anthony Mackie, Danny Ramirez, Shira Haas, Carl ... Read More |
| Summary, etc.: | Anthony Mackie returns as the high-flying hero Sam ... Read More |
| Target Audience Note: | MPA rating: PG-13; intense sequences of violence ... Read More |
| System Details Note: | DVD, wide screen (2.40:1); English, French, and ... Read More |
| Language Note: | English, French or Spanish dialogue; French or ... Read More |
Search for related items by subject
| Subject: | Captain America (Fictitious character) > Drama. Wilson, Sam (Fictitious character) > Drama. Conspiracies > Drama. Superheroes > Drama. |
| LDR | 05702cgm a2201045 i 4500 | ||
|---|---|---|---|
| 001 | 462977 | ||
| 003 | LARL_NWRL_CONSORTIUM | ||
| 005 | 20250512141051.0 | ||
| 008 | 250414s2025 cau118 vleng d | ||
| 007 | vd cvaizq | ||
| 040 | . | ‡aTEFMT ‡beng ‡erda ‡cTEFMT ‡dTEF ‡dOCLCO ‡dTEFMT ‡dCQA ‡dINO ‡dOCLCO | |
| 024 | 1 | . | ‡a043396642690 |
| 024 | 1 | . | ‡a043396642768 |
| 028 | 4 | 2. | ‡a64269 ‡bMarvel Studios ‡q(container) |
| 028 | 4 | 2. | ‡a9580479 ‡bMarvel Studios ‡q(disc) |
| 035 | . | ‡a(OCoLC)1514865473 | |
| 037 | . | ‡bMidwest Tape ‡nhttp://www.midwesttapes.com | |
| 041 | 1 | . | ‡aeng ‡afre ‡aspa ‡jeng ‡jfre ‡jspa ‡peng ‡qeng ‡heng |
| 046 | . | ‡k2025 ‡2edtf | |
| 082 | 0 | 4. | ‡a791.43/72 ‡223/eng/20250415 |
| 245 | 0 | 0. | ‡aCaptain America. ‡pBrave new world / ‡cdirected by Julius Onah ; screenplay by Rob Edwards and Malcolm Spellman & Dalan Musson and Julius Onah & Peter Glanz ; story by Rob Edwards and Malcolm Spellman & Dalan Musson ; produced by Kevin Feige, Nate Moore ; Marvel Studios presents ; a Kevin Feige production. |
| 246 | 3 | 0. | ‡aBrave new world |
| 257 | . | ‡aUnited States ‡2naf | |
| 264 | 1. | ‡a[Burbank, CA] : ‡bMarvel Studios, ‡c[2025] | |
| 300 | . | ‡a1 videodisc (118 min.) : ‡bsound, color ; ‡c4 3/4 in. | |
| 336 | . | ‡atwo-dimensional moving image ‡btdi ‡2rdacontent | |
| 337 | . | ‡avideo ‡bv ‡2rdamedia | |
| 338 | . | ‡avideodisc ‡bvd ‡2rdacarrier | |
| 340 | . | ‡b4 3/4 in. | |
| 340 | . | ‡gpolychrome ‡2rdacc | |
| 341 | 0 | . | ‡aauditory ‡bclosedCaptions ‡2sapdv |
| 341 | 0 | . | ‡avisual ‡daudioDescription ‡2sapdv |
| 344 | . | ‡adigital ‡2rdatr | |
| 344 | . | ‡boptical ‡2rdarm | |
| 344 | . | ‡gsurround ‡2rdacpc | |
| 344 | . | ‡hDolby digital 5.1 | |
| 345 | . | ‡c2.40:1 | |
| 345 | . | ‡dwide screen ‡2rdaar | |
| 347 | . | ‡avideo file ‡2rdaft | |
| 347 | . | ‡bDVD video | |
| 380 | . | ‡aMotion pictures ‡2lcgft | |
| 538 | . | ‡aDVD, wide screen (2.40:1); English, French, and Spanish Dolby digital 5.1. | |
| 546 | . | ‡aEnglish, French or Spanish dialogue; French or Spanish subtitles. | |
| 532 | 1 | . | ‡aEnglish subtitles for the deaf and hard of hearing (SDH) |
| 532 | 1 | . | ‡aEnglish described video |
| 511 | 1 | . | ‡aAnthony Mackie, Danny Ramirez, Shira Haas, Carl Lumbly, Xosha Roquemore, Giancarlo Esposito, Liv Tyler, Tim Blake Nelson, Harrison Ford. |
| 508 | . | ‡aDirector of photography, Kramer Morgenthau ; edited by Matthew Schmidt, Madeleine Gavin ; music by Laura Karpman. | |
| 500 | . | ‡aBased on the Marvel comics. | |
| 500 | . | ‡aOriginally released as a motion picture in 2025. | |
| 500 | . | ‡aWide screen (2.40:1). | |
| 521 | 8 | . | ‡aMPA rating: PG-13; intense sequences of violence and action, and some strong language. |
| 520 | . | ‡aAnthony Mackie returns as the high-flying hero Sam Wilson, who's officially taken up the mantle of Captain America. After meeting with newly elected U.S. President Thaddeus Ross, Sam finds himself in the middle of an international incident. He must discover the reason behind a nefarious global plot before the true mastermind has the entire world seeing red. | |
| 600 | 0 | 0. | ‡aCaptain America ‡c(Fictitious character) ‡vDrama. |
| 600 | 1 | 0. | ‡aWilson, Sam ‡c(Fictitious character) ‡vDrama. |
| 650 | 0. | ‡aConspiracies ‡vDrama. ‡0(LARL_NWRL_CONSORTIUM)164469 | |
| 650 | 0. | ‡aSuperheroes ‡vDrama. | |
| 655 | 7. | ‡aSuperhero films. ‡2lcgft ‡0(LARL_NWRL_CONSORTIUM)175734 | |
| 655 | 7. | ‡aAction and adventure films. ‡2lcgft ‡0(LARL_NWRL_CONSORTIUM)175617 | |
| 655 | 7. | ‡aScience fiction films. ‡2lcgft ‡0(LARL_NWRL_CONSORTIUM)175747 | |
| 655 | 7. | ‡aFeature films. ‡2lcgft ‡0(LARL_NWRL_CONSORTIUM)175625 | |
| 655 | 7. | ‡aFiction films. ‡2lcgft ‡0(LARL_NWRL_CONSORTIUM)175626 | |
| 655 | 7. | ‡aVideo recordings for the hearing impaired. ‡2lcgft ‡0(LARL_NWRL_CONSORTIUM)175744 | |
| 655 | 7. | ‡aVideo recordings for people with visual disabilities. ‡2lcgft ‡0(LARL_NWRL_CONSORTIUM)175745 | |
| 700 | 1 | . | ‡aOnah, Julius, ‡d1983- ‡efilm director, ‡escreenwriter. |
| 700 | 1 | . | ‡aEdwards, Rob, ‡d1963- ‡escreenwriter. |
| 700 | 1 | . | ‡aSpellman, Malcolm, ‡escreenwriter. |
| 700 | 1 | . | ‡aMusson, Dalan, ‡escreenwriter. |
| 700 | 1 | . | ‡aGlanz, Peter, ‡escreenwriter. |
| 700 | 1 | . | ‡aFeige, Kevin, ‡efilm producer. ‡0(LARL_NWRL_CONSORTIUM)214972 |
| 700 | 1 | . | ‡aMoore, Nate ‡c(Producer), ‡efilm producer. |
| 700 | 1 | . | ‡aMackie, Anthony, ‡d1978- ‡eactor. |
| 700 | 1 | . | ‡aRamirez, Danny, ‡d1992- ‡eactor. |
| 700 | 1 | . | ‡aHaas, Shira, ‡d1995- ‡eactor. |
| 700 | 1 | . | ‡aLumbly, Carl, ‡eactor. ‡0(LARL_NWRL_CONSORTIUM)125577 |
| 700 | 1 | . | ‡aRoquemore, Xosha, ‡eactor. |
| 700 | 1 | . | ‡aEsposito, Giancarlo, ‡eactor. ‡0(LARL_NWRL_CONSORTIUM)138560 |
| 700 | 1 | . | ‡aTyler, Liv, ‡eactor. ‡0(LARL_NWRL_CONSORTIUM)142690 |
| 700 | 1 | . | ‡aNelson, Tim Blake, ‡eactor. ‡0(LARL_NWRL_CONSORTIUM)126698 |
| 700 | 1 | . | ‡aFord, Harrison, ‡d1942- ‡eactor. ‡0(LARL_NWRL_CONSORTIUM)6731 |
| 710 | 2 | . | ‡aMarvel Studios, ‡epresenter, ‡epublisher. ‡0(LARL_NWRL_CONSORTIUM)213147 |
| 730 | 0 | 2. | ‡iContainer of (work): ‡aCaptain America, brave new world (Motion picture) |
| 730 | 0 | 2. | ‡iContainer of (expression): ‡aCaptain America, brave new world (Motion picture). ‡lFrench. |
| 730 | 0 | 2. | ‡iContainer of (expression): ‡aCaptain America, brave new world (Motion picture). ‡lSpanish. |
| 901 | . | ‡a462977 ‡bAUTOGEN ‡c462977 ‡tbiblio | |

Add to basket
Permalink
Disable Highlighting